| 000 | 00675nam a22002657a 4500 | ||
|---|---|---|---|
| 005 | 20150330091112.0 | ||
| 008 | 150330b xxu||||| |||| 00| 0 eng d | ||
| 020 | _a0078651131 | ||
| 041 | 0 | _aeng | |
| 080 | _a515.2 | ||
| 100 | _aHolliday, Berchie | ||
| 245 |
_aAlgebra 1 _cBerchie Holliday |
||
| 260 |
_aUSA _bGlencoe McGraw-Hill _c2005 |
||
| 300 |
_a(963) f.: _bme il.; _c28 cm |
||
| 505 | _aIndex: f. (946 - 963) | ||
| 650 | _aAlgjebra | ||
| 700 | 1 | _aGilbert J. Cuevas | |
| 700 | 1 | _aBeatrice Moore-Harris | |
| 700 | 1 | _aJohn A. Carter | |
| 700 | 1 | _aDaniel Marks | |
| 700 | 1 | _aRuth M. Casey | |
| 700 | 1 | _aRoger Day | |
| 700 | 1 | _aLinda M. Hayek | |
| 942 |
_2udc _cBK |
||
| 999 |
_c615 _d615 |
||